O homem na pré-história (Record no. 157109)
[ view plain ]
| 000 -LÍDER | |
|---|---|
| campo de controle de tamanho fixo | 00393 a2200169 4500 |
| 001 - NÚMERO DE CONTROLE | |
| campo de controle | 157109 |
| 020 ## - ISBN - INTERNATIONAL STANDARD BOOK NUMBER | |
| ISBN - International Standard Book Number | 851603674X |
| 040 ## - FONTE DA CATALOGAÇÃO | |
| Instituição que transcreveu o registro | Escola São Tomás de Aquino |
| 100 ## - ENTRADA PRINCIPAL--NOME PESSOAL | |
| Nome pessoal | RODRIGUES, Rosicler Martins |
| 240 10 - TÍTULO UNIFORME | |
| Título uniforme | O homem na pré-história |
| Idioma da obra | por |
| 245 10 - TÍTULO | |
| Título | O homem na pré-história |
| 300 ## - DESCRIÇÃO FÍSICA | |
| Extensão | 55 p. |
| 362 0# - DATAS DE PUBLICAÇÃO E/OU DESIGNAÇÃO SEQUENCIAL | |
| Datas de publicação e/ou designação sequencial | 2003 |
| 440 #1 - DECLARAÇÃO DE SÉRIE/ENTRADA ADICIONADA--TÍTULO | |
| Título | Moderna |
| 697 ## - ENTRADA DE ASSUNTO LOCAL--ENTIDADE COLETIVA (RLIN) | |
| Nome corporativo ou nome da jurisdição | HISTÓRIA |
| 942 ## - ELEMENTOS DE ENTRADA ADICIONADOS (KOHA) | |
| Tipo de material Koha | Livros |
| Situação do descarte | Situação das perdas | Situação física | Não pode ser emprestado | Biblioteca de origem | Biblioteca atual | Data de aquisição | Total de empréstimos | Número de chamada completo | Código de barras | Data de último acesso | Data do preço efetivo | Tipo de material Koha | Fonte da classificação ou esquema de arquivamento na estante | Nota pública |
|---|---|---|---|---|---|---|---|---|---|---|---|---|---|---|
| ESTA - SÃO BENTO | ESTA - SÃO BENTO | 30/04/2024 | 900 ROD HOM | EST00011805 | 30/04/2024 | 30/04/2024 | Livros | |||||||
| Novo Tempo - Aureliano São José | Novo Tempo - Aureliano São José | 16/05/2024 | nt623 | 16/05/2024 | 16/05/2024 | Livros | Classificação Decimal de Dewey | estante red | ||||||
| Novo Tempo - Aureliano São José | Novo Tempo - Aureliano São José | 12/07/2024 | fm219 | 12/07/2024 | 12/07/2024 | Livros | Classificação Decimal de Dewey | FD2/EM |